Vainqueurs de la Copa Libertadores - Statistiques

Statistiques générales
  • Ce quiz a été pris 250 fois
    176 depuis la dernière actualisation
  • Le résultat moyen est 31 sur 59
Statistiques - réponses
Hint Réponse % Correct
1977 Boca Junior
97%
1978 Boca Junior
97%
2000 Boca Junior
97%
2001 Boca Junior
97%
2003 Boca Junior
97%
2007 Boca Junior
97%
1986 River Plate
96%
1996 River Plate
96%
2015 River Plate
96%
2018 River Plate
96%
1962 Santos
86%
1963 Santos
86%
2011 Santos
86%
1981 Flamengo
82%
1992 São Paulo
69%
1993 São Paulo
69%
2005 São Paulo
69%
2012 Corinthians
61%
1983 Grêmio
55%
1995 Grêmio
55%
2017 Grêmio
55%
1999 Palmeiras
54%
1991 Colo Colo
50%
1967 Racing Club
49%
1960 Peñarol
48%
1961 Peñarol
48%
1966 Peñarol
48%
1982 Peñarol
48%
1987 Peñarol
48%
1971 Nacional
47%
1980 Nacional
47%
1988 Nacional
47%
1964 Independiente
42%
1965 Independiente
42%
1972 Independiente
42%
1973 Independiente
42%
1974 Independiente
42%
1975 Independiente
42%
1984 Independiente
42%
1968 Estudiantes
41%
1969 Estudiantes
41%
1970 Estudiantes
41%
2009 Estudiantes
41%
2014 San Lorenzo
37%
1976 Cruzeiro
36%
1997 Cruzeiro
36%
2006 Internacional
34%
2010 Internacional
34%
2008 LDU Quito
34%
2013 Atletico Mineiro
31%
1998 Vasco de Gama
31%
1994 Vélez Sarsfield
28%
1989 Atletico Nacional
18%
2016 Atletico Nacional
18%
1985 Argentinos Junior
13%
2004 Once Caldas
12%
1979 Club Olimpia
6%
1990 Club Olimpia
6%
2002 Club Olimpia
6%
Aucun quiz correspondant
Distribution des résultats
% des personnes avec chaque résultat
Percentile par nombre de réponses
Votre historique - résultats
Vous n’avez pas pris ce quiz depuis la dernière actualisation